00366nam a2200121Ia 4500008004100000100002000041245002700061500008500088650001600173650001900189650001500208700002100223180905s9999 xx 000 0 und d aMushir- Ul- Haq 0aIslam in Secular India aAl-Basheer: The Bulletin of Christian Institutes of Islamic Studies Oct-Dec 1973 aCommunalism aFundamentalism aSecuralism aAndreas D' Souza